[Event "CRO-chT2 Ost"]
[Site "Croatia"]
[Date "2016.04.16"]
[Round "1.25"]
[White "Sucurovic, Jure"]
[Black "Nikolic, Milenko"]
[Result "1/2-1/2"]
[WhiteElo "1985"]
[BlackElo "2016"]
[PlyCount "134"]
[EventDate "2016.04.16"]
[EventType "team-tourn"]
[EventRounds "11"]
[EventCountry "CRO"]
[SourceTitle "EXT 2019"]
[Source "ChessBase"]
[SourceDate "2018.10.10"]
[SourceVersion "1"]
[SourceVersionDate "2018.10.10"]
[SourceQuality "1"]

1. c4 c5 2. g3 Nc6 3. Bg2 Nf6 4. b3 e6 5. Nc3 Be7 6. Bb2 0-0 7. e3 d5 8. cxd5 exd5 9. Nge2 Bg4 10. f3 Bf5 11. d4 Nb4 12. e4 dxe4 13. fxe4 cxd4 14. exf5 dxc3 15. Bxc3 Nd3+ 16. Kf1 Ng4 17. Bd4 Qxd4 18. Nxd4 Ne3+ 19. Ke2 Nxd1 20. Rhxd1 Nc5 21. Nb5 a6 22. Nc7 Rac8 23. Nd5 Bg5 24. h4 Rfe8+ 25. Kf1 Bh6 26. f6 Rb8 27. g4 g6 28. Ne7+ Kh8 29. Bd5 g5 30. Nf5 Bf8 31. Bxf7 Re4 32. Bh5 gxh4 33. Rd4 Rxd4 34. Nxd4 Ne4 35. Nf3 Nxf6 36. Nxh4 Nxh5 37. gxh5 Bc5 38. Kg2 Rg8+ 39. Kf3 Rg5 40. h6 Kg8 41. Kf4 Rd5 42. Nf5 Kf7 43. Ke4 Rd2 44. a3 Ke6 45. Ng7+ Kf6 46. b4 Bf8 47. Rf1+ Ke7 48. Nf5+ Kd7 49. Rg1 Ke6 50. Nd4+ Kf7 51. Rf1+ Ke8 52. Rh1 Rg2 53. Rh3 Ke7 54. Rf3 Rg4+ 55. Rf4 Rxf4+ 56. Kxf4 Bxh6+ 57. Kf5 Bg7 58. Nc2 Kd6 59. Ke4 b5 60. Ne3 Bb2 61. a4 Ke6 62. axb5 axb5 63. Nd5 Kd6 64. Ne3 Bc1 65. Nf5+ Kc6 66. Nd4+ Kb6 67. Nxb5 Kxb5 1/2-1/2